000 00290nam a22001337a 4500
020 _a0-7460-0974-7
082 _a001
_bHED/S
100 _aHEDDLE, REBECCA
245 _aSCIENCE IN THE KITCHEN
260 _aLONDON
_bUSBORNE PUBLISHING LTD
300 _a24RDGFZ
650 _aGK
942 _cBK
999 _c6332
_d6332